000
00225nam a22001097a 4500
100
_a
Sister Nivedita
245
_a
Cradle Tales Of Hinduism
250
_a
1996
260
_b
Swami Mumuksha
300
_a
318
942
_2
ddc
_c
BK
999
_c
11711
_d
11711